书目信息 |
| 题名: |
果树病虫害防治法
|
|
| 作者: | ;山东省林业厅果树处 编 | |
| 分册: | ||
| 出版信息: | 济南 山东人民出版社 1963 |
|
| 页数: | 188页 | |
| 开本: | 19cm | |
| 丛书名: | ||
| 单 册: | ||
| 中图分类: | S436.6 | |
| 科图分类: | ||
| 主题词: | 病虫害防治方法-果树 , 果树-病虫害防治方法 , 植物--病虫害 , 植物--病虫害防治方法 | |
| 电子资源: | ||
| ISBN: | ||
| 000 | 00810nam0 2200289 45 981 | |
| 001 | 0633555031 | |
| 005 | 20060801092018.39 | |
| 010 | @dCNY0.42 | |
| 091 | @aT16099.71 | |
| 100 | @a19960427d1963 em y0chiy0121 ea | |
| 101 | 0 | @achi |
| 102 | @aCN@b370000 | |
| 105 | @aaf z 000yy | |
| 106 | @ar | |
| 200 | 10 | @a果树病虫害防治法@f山东省林业厅果树处编@Aguo shu bing chong hai fang zhi fa |
| 205 | @a3版 | |
| 210 | @a济南@c山东人民出版社@d1963 | |
| 215 | @a188页@c表,图@d19cm | |
| 300 | @a山东果树栽培技术 | |
| 606 | @a病虫害防治方法-果树 | |
| 606 | @a果树-病虫害防治方法 | |
| 606 | 0 | @a植物@x病虫害 |
| 606 | 0 | @a植物@x病虫害防治方法 |
| 690 | @aS436.6@v3 | |
| 711 | 02 | @a山东省林业厅果树处@4编@Ashan dong sheng lin ye ting guo shu chu |
| 801 | 0 | @c20060801 |
| 905 | @a10447@dS436.6@e33 | |
| 果树病虫害防治法/山东省林业厅果树处编.-3版 .-济南:山东人民出版社,1963 |
| 188页:表,图;19cm |
| 山东果树栽培技术 |
| ISBN :CNY0.42 |
| ● |
| 相关链接 |
|
|
|
|
正题名:果树病虫害防治法
索取号:S436.6/33
 
预约/预借
| 序号 | 登录号 | 条形码 | 馆藏地/架位号 | 状态 | 备注 |
| 1 | 0439271 | 204392718 | 密集书库/ [索取号:S436.6/33] | 在馆 |